Guess the Location #77 (Set 5) - Statistics

General Stats
  • This quiz has been taken 19 times
  • The average score is 11 of 15
Answer Stats
Land Borders Maritime Boundaries Sovereign
State?
First
Letter
Location % Correct
South Africa [none] Y ? Lesotho
94%
Andorra, Belgium, Germany, Italy, Luxembourg, Monaco, Spain, Switzerland Guernsey, Jersey, United Kingdom [and some land border locations] Y ? France
89%
Belgium, France, Germany [none] Y ? Luxembourg
89%
Iraq, Israel, Jordan, Lebanon, Turkey Cyprus [and some land border locations] Y ? Syria
89%
Armenia, Georgia, Iran, Kazakhstan, Russia, Turkey, Turkmenistan [none] Y ? Azerbaijan
83%
Iran, Jordan, Kuwait, Saudi Arabia, Syria, Turkey [some land border locations] Y ? Iraq
83%
Argentina, Bolivia, Brazil [none] Y ? Paraguay
83%
Bulgaria, Hungary, Moldova, Serbia, Ukraine Turkey [and some land border locations] Y ? Romania
83%
Algeria, Libya Italy [and land border locations] Y ? Tunisia
83%
Argentina, Brazil [land border locations] Y ? Uruguay
83%
China Macau [and land border location] N ? Hong Kong
78%
[none] China, Indonesia, Japan, Malaysia, Palau, Taiwan, Vietnam Y ? Philippines
72%
[none] Curaçao, Dominican Republic, Venezuela N ? Aruba
56%
[none] Indonesia N ? Christmas Island
33%
[none] French Polynesia N ? Pitcairn Islands
33%
No matching quizzes found
Score Distribution
Percent of People with Each Score
Percentile by Number Answered
Your Score History
You have not taken this quiz